000 00727cam a22001931a 4500
001 000019991
005 20200929170223.0
008 740307s1968 it 0 001 0dita
010 _a72399484
040 _aDO-SdBNP
_bspa
_cBNPHU
100 1 _aDe Sanctis, Francesco,
_d1817-1883.
_942592
245 1 3 _aUn viaggio elettorale :
_bseguito da discorsi biografici, dal taccuino parlamentare e da scritti politici vari /
_cFrancesco De Sanctis ; a cura di Nino Cortese.
260 _aTorino :
_bG. Einaudi,
_c1968.
300 _axviii, 611 p. ;
_c21 cm.
490 1 _aOpere di Francesco De Sanctis ;
_v17
500 _aIncluye índice
700 1 _aCortese, Nino,
_d1896-
_942593
800 1 _aDe Sanctis, Francesco,
_d1817-1883.
_942592
999 _c19503
_d19503